Soccer Players Picture Quiz (Hard) - Statistics

General Stats
  • This quiz has been taken 218 times
  • The average score is 12 of 16
Answer Stats
Picture Answer % Correct
Bale
95%
Buffon
95%
Hazard
94%
Neuer
94%
Ribery
88%
Firmino
84%
Robben
84%
Alves
79%
Cole
76%
Rodriguez
76%
Lahm
72%
Boateng
58%
Godin
55%
Giggs
52%
Lacazette
50%
Guti
29%
No matching quizzes found
Score Distribution
Percent of People with Each Score
Percentile by Number Answered
Your Score History
You have not taken this quiz